000 00362nam a2200133Ia 4500
008 240624s9999 xx 000 0 und d
041 _aeng
082 _a334 SAN
100 _aBAJO CLAUDIA SANCHEZ
245 _aCAPITAL AND THE DEBT TRAP LEARNING FROM
260 _c2013
_aNew York
_bPalgrave Macmillan
300 _axv, : 284 : p. : cm. ; 21
365 _cGBP
_b50
999 _c27174
_d27174